000 00253nam a2200097Ia 4500
001 663045
005 20250826160205.0
008 250824s9999 xx 000 0 und d
245 0 _aPAKİZE ANTİK
_cSÜLEYMAN TEVFİK
260 _bANTİK DÜNYA KLASİKLERİ
999 _c663045
_d663045